000 00371nam a22001457a 4500
020 _a9788123904016
040 _cNUST
082 _a670.42 CHA
100 _aChapman, W. A. J.
245 _aWorkshop Technology:
_bPart 1
250 _a5th Edition
_bSi Units
260 _aNew Dehli:
_bCBS Publishers,
_c2001.
650 _aWorkshop Technology
_962971
942 _2ddc
_cBK
999 _c594899
_d594899